Fiorile Φιορίλε
Η ιστορία της οικογένειας Μπενεντέτι, που πλούτισε κλέβοντας χρυσάφι από τον στρατό του Ναπολέοντα, αλλά από μια σειρά τραγικών συμβάντων πήρε το παρατσούκλι Μαλεντέτι, δηλαδή κακότυχοι....
Saved in:
| Other Authors: | , , , , |
|---|---|
| Format: | |
| Language: | Italian Greek |
| Published: |
[Χ.τ. :
χ.ό.],
1993.
|
| Subjects: | |
| Tags: |
Add Tag
No Tags, Be the first to tag this record!
|
MARC
| LEADER | 00000cgm a2200000 i 4500 | ||
|---|---|---|---|
| 001 | 1/50997 | ||
| 008 | 140707s1993####xx ||| | || ||ita|| | ||
| 035 | |l 10118256 | ||
| 040 | |a GR-MyUa |b gre |e AACR2 | ||
| 041 | 0 | |a ita |j gre | |
| 082 | 7 | |a 791.437 |2 (22) | |
| 245 | 0 | 0 | |a Fiorile |h [μαγνητοσκόπηση] = |b Φιορίλε / |c σκηνοθεσία Paolo & Vittorio Taviani. |
| 246 | 1 | |i Παράλληλος τίτλος: |a Φιορίλε | |
| 260 | |a [Χ.τ. : |b χ.ό.], |c 1993. | ||
| 300 | |a 1 βιντεοδίσκος (122 λεπτ.) : |b ομίλ., έγχρ. ; |c 4 3/4 ίν. | ||
| 500 | |a Κυκλοφόρησε πρώτη φορά ως κινηματογραφική ταινία το 1993. | ||
| 500 | |a Δωρεάν διάθεση της εφημερίδας "Ο κόσμος του επενδυτή". | ||
| 508 | |a Πλοκή, Paolo and Vittorio Taviani ; σενάριο, Sandro Petraglia, Paolo and Vittorio Taviani ; φωτογραφία, Giuseppe Lanci ; μοντάζ, Roberto Perpignani ; μουσική, Nicola Piovani ; παραγωγή, Grazia Volpi. | ||
| 511 | 0 | |a Claudio Bigagli, Galatea Ranzi, Michael Vartan, Lino Capolicchio, Constanze Engelbrecht, Athina Cenci, Giovanni Guidelli, Norma Martelli, Pier Paolo Capponi, Carlo Luca de Ruggieri, Laurent Schilling, Fritz Mueller Scherz, Laura Scarimbolo, Elisa Giani, Ciro Esposito, Giovanni Cassinelli, Chiara Caselli, Renatos Caprentieri. | |
| 520 | 8 | |a Η ιστορία της οικογένειας Μπενεντέτι, που πλούτισε κλέβοντας χρυσάφι από τον στρατό του Ναπολέοντα, αλλά από μια σειρά τραγικών συμβάντων πήρε το παρατσούκλι Μαλεντέτι, δηλαδή κακότυχοι. | |
| 546 | |a Στα ιταλικά με υπότιτλους στα ελληνικά. | ||
| 650 | 0 | |a Families |z Italy |v Drama. | |
| 655 | 7 | |a Feature films |2 lcgft | |
| 700 | 1 | |a Taviani, Paolo, |d 1931- |e drt | |
| 700 | 1 | |a Taviani, Vittorio, |d 1929-2018, |e drt | |
| 700 | 1 | |a Bigagli, Claudio, |d 1955- |e act | |
| 700 | 1 | |a Ranzi, Galatea, |e act | |
| 700 | 1 | |a Vartan, Michael, |e act | |
| 852 | |a INST |b SYROS |c AV |e 20140707 |h 791.437 TAV |p 005500011537 |q 005500011537 |t DVD |y 23 | ||
| 901 | |a BIBL5-2014-2 | ||
| 970 | |a Κοντού |b Παρασκευή |z 07/07/2014 | ||